GUIDING principles for grading of Swedish swan timber

Bibliographic Details
Format: Book
Published: Stockholm, Sweden : The Swedish Timber and Wood Pulp Journal , 1980
Subjects:

MARC

LEADER 00000cam a2200000 7i4500
001 0000001712
005 20011101.0
090 0 0 |a 674.5   |b GUI 1980 
245 0 0 |a GUIDING principles for grading of Swedish swan timber 
260 0 0 |a Stockholm, Sweden :   |b The Swedish Timber and Wood Pulp Journal ,   |c 1980 
300 |a 16 p., col. plates ;   |c 22 cm. 
650 0 0 |a Timber   |x Grading   |z Sweden 
998 |a JPSM 
999 |a 0000002641   |b Monograph   |c Open Shelf   |e Default branch